Les Grecs de Paul Ricoeur (Record no. 497254)

000 -CABECERA
Campo de control de longitud fija 00466nab a2200145 4500
003 - IDENTIFICADOR DEL NÚMERO DE CONTROL
Campo de control ES-SlBCS
005 - FECHA Y HORA DE LA ÚLTIMA TRANSACCIÓN
Campo de control 20210327224343.0
008 - CÓDIGOS DE INFORMACIÓN DE LONGITUD FIJA
Campo de control de longitud fija 140123s2013 fr ||||| |||| 00| 0 fre d
040 ## - FUENTE DE LA CATALOGACIÓN
Centro catalogador del origen ES-SlBCS
Lengua de catalogación spa
100 1# - PUNTO DE ACCESO PRINCIPAL-NOMBRE DE PERSONA
Nombre de persona Foessel, Michaël
9 (RLIN) 57821
245 14 - MENCIÓN DE TÍTULO
Título Les Grecs de Paul Ricoeur
Mención de responsabilidad, etc. Michaël Foessel
600 10 - PUNTO DE ACCESO ADICIONAL DE MATERIA-NOMBRE DE PERSONA
Nombre personal Ricoeur, Paul
Numeración , 1913-2005
Subdivisión general Crítica e interpretación
9 (RLIN) 123855
773 0# - ENLACE AL DOCUMENTO FUENTE
Parte(s) relacionada(s) Nº 399, 2013, págs. 15-21
Título Esprit
Número de control del registro relacionado Rev1438
Número Internacional Normalizado para Publicaciones Seriadas (ISSN) 0014-0759
942 ## - ENTRADA DE ELEMENTOS AGREGADOS (KOHA)
Fuente de clasificaión o esquema
Koha [por defecto] tipo de item Artículos de revista
Holdings
Suprimido Perdido Fuente de clasificación o esquema Estropeado No para préstamo Localización permanente Localización actual Localización en estantería Fecha adquisición Préstamos totales Fecha última consulta Fecha del precio de reemplazo Tipo de item de Koha
          San Esteban San Esteban Depósito de revistas 23/01/2014   23/01/2014 23/01/2014 Artículos de revista

Bibliotecas Dominicos Provincia Hispania, 2016

Con tecnología Koha